| 000 | 00494nam a2200181Ia 4500 | ||
|---|---|---|---|
| 005 | 20250317123257.0 | ||
| 008 | 008 250317s9999 xx 000 0 eng d | ||
| 037 | _aTextbook | ||
| 040 |
_aFMSL _beng _cFMSL |
||
| 041 |
_aeng _2eng |
||
| 084 |
_aD658(B) L0 _qFMSL |
||
| 100 |
_aShaw J C _9735516 |
||
| 245 | 0 | _aManaging computer system projects | |
| 260 |
_aNY _bNY, McGraw-Hill _c1970 |
||
| 300 | _a286p | ||
| 942 |
_cTB _hD658(B) L0 |
||
| 999 |
_c1250618 _d1250618 |
||